The system study Bible. (Record no. 16956)

000 -LEADER
fixed length control field 00531nam a2200181 a 4500
001 - CONTROL NUMBER
control field :::00020300$&:&@@
003 - CONTROL NUMBER IDENTIFIER
control field OkBaRHE
005 - DATE AND TIME OF LATEST TRANSACTION
control field 20100331124132.0
008 - FIXED-LENGTH DATA ELEMENTS--GENERAL INFORMATION
fixed length control field s1975 j 000 0 eng u
040 ## - CATALOGING SOURCE
Transcribing agency
100 1# - MAIN ENTRY--PERSONAL NAME
Personal name Banks, Edgar J., et. al
245 14 - TITLE STATEMENT
Title The system study Bible.
260 ## - PUBLICATION, DISTRIBUTION, ETC. (IMPRINT)
Place of publication, distribution, etc Chicago
Name of publisher, distributor, etc Zondervan Book of Life
Date of publication, distribution, etc 1975
300 ## - PHYSICAL DESCRIPTION
Extent 1372 p.
490 0# - SERIES STATEMENT
Series statement The Book of Life
942 ## - ADDED ENTRY ELEMENTS (KOHA)
Source of classification or shelving scheme
Koha item type Books
Copies
Copy number Shelving location Date acquired Permanent Location Date last seen Barcode Full call number Withdrawn status Price effective from Koha item type Lost status Damaged status Not for loan Source of classification or shelving scheme
1General Stacks2010-04-14RHEMA Bible Training College2018-02-2020300BS 551 .A3 V.11 2010-04-14Books